| 000 | 01102nam a22003017a 4500 | ||
|---|---|---|---|
| 005 | 20110721103015.0 | ||
| 008 | 110721t xxu||||| |||| 00| 0 eng d | ||
| 010 | _aENG-103078 | ||
| 020 |
_a9780071072724 _c450.00 |
||
| 020 |
_a00710772721 _c450.00 |
||
| 035 | _aEN-86611 | ||
| 037 | _bDBAD/PUB | ||
| 040 |
_aDPL _bEng |
||
| 082 | _a621.3815 | ||
| 100 |
_a Millman, Jacob _929762 _d1911- |
||
| 245 |
_aMillman's pulse, digital, and switching waveforms / _cby Jacob Millman, Herbert Taub [and] Suryapraksh Rao Mothiki |
||
| 250 | _a3rd ed | ||
| 260 |
_aNew Delhi _bTata McGraw Hill _c2011 |
||
| 270 |
_a7, West Petel Nagar _bNew Delhi _e110008 |
||
| 300 |
_axxiii,632p. : _c24cm (pbk) _bill. |
||
| 500 | _aIncludes bibliographical references and index | ||
| 610 | _929771 | ||
| 650 | _929772 | ||
| 700 |
_929763 _aTaub, Herbert |
||
| 700 |
_aMothiki, Suryaprakash Rao _929786 |
||
| 942 |
_2ddc _cEN _mMIL _h621.3815 |
||
| 999 |
_c54131 _d54131 |
||